| 000 | 00667cab a22002175a 4500 | ||
|---|---|---|---|
| 001 | L155440 | ||
| 008 | 120322e20121203xxk 000 0 eng d | ||
| 035 | _a(Sirsi) u155440 | ||
| 041 | 0 | _aeng | |
| 100 | 1 | _aMcBride, Lee | |
| 245 | 0 | 2 | _aA good deal for landlords |
| 260 |
_aLondon _Estates Gazette _c2012 |
||
| 490 |
_aEstates Gazette _v(1209) 3 March 2012, 146-147(2) |
||
| 520 | _aConsiders how the upcoming Green Deal will affect property investors whose tenants and occupiers want to enter into the scheme. | ||
| 590 | _aKA | ||
| 651 | 4 | _aUnited Kingdom | |
| 690 |
_aEnergy _96237 |
||
| 690 |
_aSustainability _96271 |
||
| 700 | 1 | _aDawe, Sarah | |
| 942 | _n0 | ||
| 999 |
_c83863 _d83863 |
||